Futbologías. Futbol, identidad y violencia en América Latina /
Сохранить в:
| Главный автор: | |
|---|---|
| Другие авторы: | |
| Формат: | Текст |
| Опубликовано: |
Buenos Aires:
CLACSO. Asdi
|
| Предметы: | |
| Метки: |
Добавить метку
Нет меток, Требуется 1-ая метка записи!
|
MARC
| LEADER | 00000 a a2200000 04500 | ||
|---|---|---|---|
| 001 | 29388 | ||
| 003 | |||
| 040 | |||
| 020 | |a 950-9231-86-X | ||
| 090 | |a 192101 | ||
| 100 | |a Alabarces, Pablo | ||
| 245 | |a Futbologías. Futbol, identidad y violencia en América Latina / |c Pablo Alabarces | ||
| 260 | |a Buenos Aires: |b CLACSO. Asdi | ||
| 650 | |a DEPORTES | ||
| 650 | |a INVESTIGACION SOCIAL | ||
| 700 | |a comp | ||
| 999 | |c 1064 |d 1064 | ||



